000 00314nam a2200121Ia 4500
008 220217s9999 xx 000 0 und d
245 0 _aGlossary of terms relating to bitumen and tar. (Second Revision).
260 _c1982
500 _aStandard number: IS 334
650 _aBitumen
650 _aTar
942 _cST
999 _c73644
_d73644